Not the Main Character II Quiz Stats

Quiz Updated Jun 5, 2015

Challenge
Share
Tweet
Embed
Score 0/20 Timer 05:00
1 Play Today
(Not the main characters) Movie % Correct
Gingerbread Man & Prince CharmingShrek 2
93.5%
Teddy Roosevelt & Attila the HunNight at the Museum
78.7%
Ben Parker & May ParkerSpider-Man
76.7%
Boss Nass & Jar Jar BinksStar Wars: The Phantom Menace
72.9%
Tom Robinson & Boo RadleyTo Kill a Mockingbird
66.3%
Steve the Pirate & Patches O'HoulihanDodgeball: A True Underdog Story
56.2%
Ginarrbrik & Mr. TumnusThe Chronicles of Narnia: The Lion, the Witch and the Wardrobe
52.6%
Charlie Swan & Dr. Carlisle CullenTwilight
48.3%
Sabretooth & ToadX-Men
45%
Bofur & GloinThe Hobbit (franchise)
43.4%
(Not the main characters) Movie % Correct
Snowball the Cat & Fredrick LittleStuart Little
43.2%
Bill Lumbergh & Milton WaddamsOffice Space
40%
Mugatu & KatinkaZoolander
39.2%
Bullseye & KingpinDaredevil
37.6%
Ron Witwicky & Judy WitwickyTransformers (franchise)
37.5%
King Julien & MauriceMadagascar
36.7%
Tai Lung & ShifuKung Fu Panda
36.1%
Data & SlothThe Goonies
35.2%
Dr. Rene Belloq & SallahRaiders of the Lost Ark
30.8%
Dr. Jason Woodrue & Barbara 'Batgirl' WilsonBatman & Robin
30%

You're not logged in!

Compare scores with friends on all Sporcle quizzes.
Join for Free
OR
Log In

You Might Also Like...

Show Comments

Extras

Top Quizzes Today


Score Distribution

Your Account Isn't Verified!

In order to create a playlist on Sporcle, you need to verify the email address you used during registration. Go to your Sporcle Settings to finish the process.

Report this User

Report this user for behavior that violates our Community Guidelines.

Details: